000 00185nam a2200073Ia 4500
008 170524s9999 xx 000 0 und d
100 _aSUKHPAL- SINGH
245 0 _aRURAL MARKETING MANAGEMENT
260 _bVIKAS PUB.HOUSE
999 _c7888
_d7888